00421nam a22001577a 4500003000400000005001700004008004100021020001800062040000900080082001500089100002300104245007700127250001200204260003800216300000900254OSt20210304122419.0201113b ||||| |||| 00| 0 eng d a9789380644943 coclc a421bBAL/T aBalasubramanian, T aA Textbook Of English Phonetics For Indian Students /cT Balasubramanian a2nd Ed. aBengaluru:bTrinity Press,c2010. a233p